|
|
|
|
| LEADER |
00958nab a2200241 i 4500 |
| 001 |
misc62052 |
| 005 |
20230605141644.0 |
| 008 |
230530s1972 hu o 0|| fre d |
| 022 |
|
|
|a 0001-6446
|
| 040 |
|
|
|a SZTE Miscellanea Repozitórium
|b hun
|
| 041 |
|
|
|a fre
|
| 100 |
1 |
|
|a Rásonyi László
|
| 245 |
1 |
0 |
|a L'origine du hongrois igen "oui"
|h [elektronikus dokumentum] /
|c Rásonyi László
|
| 260 |
|
|
|c 1972
|
| 300 |
|
|
|a 413-414
|c 24 cm
|
| 300 |
|
|
|a [2] p.
|c 24 cm
|
| 490 |
0 |
|
|a Acta Orientalia Academiae Scientiarum Hungaricae;Acta Orientalia Academiae Scientiarum Hungaricae : a Magyar Tudományos Akadémia orientalisztikai közleményei
|
| 561 |
|
|
|a Németh Gyula hagyaték
|
| 591 |
|
|
|a LOA 3046; NOA 4839; NOA 4840
|
| 650 |
|
4 |
|a Bölcsészettudományok
|
| 650 |
|
4 |
|a Nyelvek és irodalom
|
| 695 |
|
|
|a Etimológia - magyar, Magyar nyelv - török jövevényszavak
|
| 856 |
4 |
0 |
|u http://misc.bibl.u-szeged.hu/62052/1/4839_noa.pdf
|z Dokumentum-elérés
|